[Event "Oberliga Ost A 2016 2017"]
[Site "Germany"]
[Date "2017.02.18"]
[Round "6.6"]
[White "Biastoch, Bennet"]
[Black "Pichler, Manfred"]
[Result "1-0"]
[WhiteElo "2105"]
[BlackElo "2098"]
[PlyCount "159"]
[EventDate "2016.10.16"]
[EventType "team-tourn"]
[EventCountry "GER"]
[WhiteTeam "Magdeburg SG Aufbau Elbe"]
[BlackTeam "Halle USV"]
[WhiteTeamCountry "GER"]
[BlackTeamCountry "GER"]

1. e4 d5 2. exd5 Qxd5 3. Nc3 Qa5 4. d4 c6 5. Nf3 Nf6 6. Bc4 Bf5 7. Bd2 e6 8.
Qe2 Bb4 9. Ne5 Nbd7 10. Nxd7 Kxd7 11. O-O Qc7 12. Nb5 Qa5 13. Bxb4 Qxb4 14. a3
Qe7 15. Nc3 Rhd8 16. Rfe1 Ke8 17. Rad1 Kf8 18. Bb3 Qd6 19. Qe5 Ng4 20. Qxd6+
Rxd6 21. f3 Nf6 22. Ne4 Nxe4 23. fxe4 Bg4 24. Rd3 Rad8 25. c3 Bh5 26. Rh3 Bg6
27. Rf3 Kg8 28. h3 h6 29. Rfe3 R6d7 30. Rd1 Rd6 31. Kf2 R6d7 32. Rde1 Rd6 33.
Ba2 R6d7 34. Kf3 Rd6 35. g4 R6d7 36. b4 Rc7 37. Rd1 Rcd7 38. Red3 Rc7 39. c4
Rcd7 40. R3d2 Kf8 41. c5 Re7 42. Kf4 Rde8 43. Kf3 Rd8 44. Bc4 f5 45. e5 fxg4+
46. hxg4 Rf7+ 47. Ke3 Ke7 48. Rf1 Rxf1 49. Bxf1 a6 50. a4 Ra8 51. Bg2 Kd7 52.
Rb2 Ke7 53. b5 axb5 54. axb5 Ra3+ 55. Kf2 Be8 56. bxc6 bxc6 57. Be4 Ra4 58.
Rb7+ Kf8 59. Rb8 Ra2+ 60. Ke3 Ra3+ 61. Kd2 Ke7 62. Rb7+ Kf8 63. Rb6 Rg3 64.
Bxc6 Bxc6 65. Rxc6 Rxg4 66. Rd6 Rg2+ 67. Kd3 Rg1 68. Rxe6 h5 69. Ra6 h4 70. Ra2
g5 71. c6 Rd1+ 72. Kc3 Ke7 73. Ra7+ Kd8 74. Rd7+ Ke8 75. Kc2 Re1 76. Rh7 Re2+
77. Kd3 Re1 78. Kd2 Re4 79. c7 Rxd4+ 80. Kc3 1-0

[Event "Oberliga Ost A 2016 2017"]
[Site "Germany"]
[Date "2017.02.18"]
[Round "6.7"]
[White "Hartwig, Maik"]
[Black "Lopez Rojas, Jeffrey"]
[Result "1/2-1/2"]
[WhiteElo "2088"]
[BlackElo "2119"]
[PlyCount "94"]
[EventDate "2016.10.16"]
[EventType "team-tourn"]
[EventCountry "GER"]
[WhiteTeam "Halle USV"]
[BlackTeam "Magdeburg SG Aufbau Elbe"]
[WhiteTeamCountry "GER"]
[BlackTeamCountry "GER"]

1. d4 Nf6 2. Nf3 g6 3. g3 Bg7 4. Bg2 O-O 5. O-O c6 6. Nbd2 d5 7. c3 Bf5 8. Re1
Nbd7 9. Nh4 Bg4 10. Qb3 Qc7 11. f4 c5 12. e3 e6 13. h3 Bf5 14. Nxf5 gxf5 15.
Qd1 b5 16. Nf1 Rfc8 17. g4 fxg4 18. hxg4 h6 19. g5 hxg5 20. fxg5 Nh7 21. Qg4
Ndf8 22. dxc5 Qxc5 23. Kh1 Qe7 24. e4 dxe4 25. Bxe4 f5 26. gxf6 Nxf6 27. Qg5
Rc5 28. Qg2 Rh5+ 29. Kg1 Nxe4 30. Rxe4 Rd8 31. Be3 Rd3 32. Rg4 Kh8 33. Qe4 Rdd5
34. Ng3 Rh7 35. Bd4 Bxd4+ 36. cxd4 Rg5 37. Rf1 Rxg4 38. Qxg4 Rg7 39. Qf3 Kg8
40. Rf2 Qd6 41. Kf1 Qxg3 42. Qxf8+ Kh7 43. Qf3 Qxf3 44. Rxf3 Rc7 45. Ke2 Kg6
46. Kd3 a6 47. Rf8 Kg7 1/2-1/2

[Event "Oberliga Ost A 2016 2017"]
[Site "Germany"]
[Date "2017.02.18"]
[Round "6.8"]
[White "Windelband, Jens"]
[Black "Hentzgen, Thomas"]
[Result "1-0"]
[WhiteElo "2120"]
[BlackElo "2061"]
[PlyCount "87"]
[EventDate "2016.10.16"]
[EventType "team-tourn"]
[EventCountry "GER"]
[WhiteTeam "Magdeburg SG Aufbau Elbe"]
[BlackTeam "Halle USV"]
[WhiteTeamCountry "GER"]
[BlackTeamCountry "GER"]

1. e4 c5 2. Nf3 Nc6 3. Nc3 d6 4. d4 cxd4 5. Nxd4 e5 6. Nf3 Be7 7. Be2 Nf6 8.
O-O O-O 9. h3 Be6 10. Bg5 Rc8 11. Re1 h6 12. Bxf6 Bxf6 13. Bf1 a6 14. a4 Be7
15. Nd5 Bxd5 16. exd5 Nb8 17. a5 Nd7 18. c4 f5 19. b4 Bf6 20. Ra3 Qe7 21. Nd4
g6 22. Ne6 Rf7 23. Qb3 Kh7 24. c5 e4 25. c6 Ne5 26. cxb7 Qxb7 27. Rd1 Rb8 28.
Rb1 Qa7 29. Qe3 Qa8 30. Qd2 g5 31. Rc1 Rc8 32. Rxc8 Qxc8 33. b5 Nd3 34. Bxd3
exd3 35. b6 Qc4 36. Rxd3 Qb5 37. Nc7 Qc4 38. Qd1 Bd8 39. Rd4 Qc3 40. Ne6 Bf6
41. Ra4 Kg6 42. Qb1 Be5 43. Rb4 Rb7 44. g4 1-0

[Event "Oberliga Ost A 2016 2017"]
[Site "Germany"]
[Date "2017.02.18"]
[Round "6.1"]
[White "Weitzer, Steffen"]
[Black "Schmidt Schaeffer, Sebastian"]
[Result "0-1"]
[WhiteElo "2224"]
[BlackElo "2383"]
[PlyCount "94"]
[EventDate "2016.10.16"]
[EventType "team-tourn"]
[EventCountry "GER"]
[WhiteTeam "Leipzig SG II"]
[BlackTeam "Naumburger SV"]
[WhiteTeamCountry "GER"]
[BlackTeamCountry "GER"]

1. d4 d5 2. Nf3 e6 3. Bf4 Nf6 4. Nbd2 c5 5. e3 Qb6 6. Be2 Nc6 7. dxc5 Qxb2 8.
c4 Bxc5 9. O-O Qb6 10. Rb1 Qd8 11. Qc2 Be7 12. Rfd1 O-O 13. h3 a6 14. c5 Qa5
15. Rdc1 h6 16. Nd4 Nd7 17. N2b3 Qa4 18. Bc7 Re8 19. Qd2 Nf6 20. f3 Bd8 21.
Bxd8 Rxd8 22. Nxc6 Qxc6 23. Na5 Qc7 24. Qb4 d4 25. exd4 Nd5 26. Qa4 Bd7 27. Qa3
Qg3 28. Bf1 Nf4 29. Kh1 Bb5 30. Qb2 Rd7 31. c6 bxc6 32. Nxc6 Bxf1 33. Rxf1 Rc8
34. Ne5 Rxd4 35. Qf2 Qxf2 36. Rxf2 f6 37. Ng4 h5 38. Ne3 Kh7 39. Kh2 Rd3 40.
Nc2 Rdc3 41. Nd4 Rd8 42. Nb3 h4 43. g3 hxg3+ 44. Kxg3 e5 45. Rc1 Re3 46. Kh2
Rdd3 47. Rcf1 f5 0-1

[Event "Oberliga Ost A 2016 2017"]
[Site "Germany"]
[Date "2017.02.18"]
[Round "6.2"]
[White "Gering, Samuel"]
[Black "Braun, Gottfried"]
[Result "1/2-1/2"]
[WhiteElo "2079"]
[BlackElo "2240"]
[PlyCount "113"]
[EventDate "2016.10.16"]
[EventType "team-tourn"]
[EventCountry "GER"]
[WhiteTeam "Naumburger SV"]
[BlackTeam "Leipzig SG II"]
[WhiteTeamCountry "GER"]
[BlackTeamCountry "GER"]

1. d4 d6 2. c4 e5 3. dxe5 dxe5 4. Qxd8+ Kxd8 5. Nc3 Be6 6. e4 Nd7 7. Nf3 f6 8.
Be3 c6 9. Be2 Ne7 10. O-O Nc8 11. Rfd1 Ke8 12. a3 Ncb6 13. Nd2 a5 14. b3 Be7
15. Ra2 Kf7 16. Ncb1 Rhd8 17. Rc2 Bc5 18. Nf1 Ke7 19. f3 Bf7 20. Rb2 g6 21. b4
axb4 22. axb4 Bxe3+ 23. Nxe3 Nf8 24. Rxd8 Kxd8 25. c5 Nc8 26. Kf2 Ne6 27. Nc4
Nd4 28. Nbd2 Ra4 29. Bd3 Kc7 30. Ke3 b5 31. cxb6+ Nxb6 32. Nxb6 Kxb6 33. Nc4+
Bxc4 34. Bxc4 Ra3+ 35. Kd2 Ra1 36. Bd3 Rh1 37. h3 Rg1 38. Ke3 Ne6 39. Kf2 Rd1
40. Be2 Ra1 41. Bf1 Nd4 42. Bd3 Ra3 43. Ke3 g5 44. Kd2 h5 45. Bc4 h4 46. Rb1
Kc7 47. Bf7 Kd6 48. Bc4 Ne6 49. Bxe6 Kxe6 50. Kc2 Kd6 51. Rb3 Ra1 52. Rb1 Rxb1
53. Kxb1 c5 54. bxc5+ Kxc5 55. Kc2 Kc4 56. Kd2 Kd4 57. Ke2 1/2-1/2

[Event "Oberliga Ost A 2016 2017"]
[Site "Germany"]
[Date "2017.02.18"]
[Round "6.3"]
[White "Schoeneberg, Manfred"]
[Black "Heinrich, Julius Tobias"]
[Result "0-1"]
[WhiteElo "2245"]
[BlackElo "2055"]
[PlyCount "64"]
[EventDate "2016.10.16"]
[EventType "team-tourn"]
[EventCountry "GER"]
[WhiteTeam "Leipzig SG II"]
[BlackTeam "Naumburger SV"]
[WhiteTeamCountry "GER"]
[BlackTeamCountry "GER"]

1. e4 e6 2. d4 d5 3. Nc3 Nf6 4. Bg5 Be7 5. exd5 Nxd5 6. Bxe7 Qxe7 7. Qd2 O-O 8.
Nf3 Rd8 9. O-O-O Nd7 10. Bd3 N7f6 11. Rhe1 b6 12. Nxd5 Rxd5 13. c4 Rd8 14. Kb1
Bb7 15. d5 b5 16. b3 bxc4 17. bxc4 Qa3 18. Re3 Qa4 19. dxe6 Ne4 20. exf7+ Kf8
21. Qc2 Nc3+ 22. Qxc3 Qxd1+ 23. Kb2 Bxf3 24. gxf3 Rab8+ 25. Ka3 c5 26. Re8+
Rxe8 27. fxe8=Q+ Rxe8 28. Be4 Rb8 29. Qe3 Qd6 30. Bc6 Kg8 31. Ba4 Qb6 32. Bb3
a5 0-1

[Event "Oberliga Ost A 2016 2017"]
[Site "Germany"]
[Date "2017.02.18"]
[Round "6.4"]
[White "Fritsch, Andreas"]
[Black "Schunk, Thomas"]
[Result "1-0"]
[WhiteElo "2066"]
[BlackElo "2185"]
[PlyCount "95"]
[EventDate "2016.10.16"]
[EventType "team-tourn"]
[EventCountry "GER"]
[WhiteTeam "Naumburger SV"]
[BlackTeam "Leipzig SG II"]
[WhiteTeamCountry "GER"]
[BlackTeamCountry "GER"]

1. Nc3 g6 2. h4 h5 3. Nh3 Bg7 4. Ng5 e5 5. e4 Nh6 6. Bc4 O-O 7. d3 a6 8. a3 b5
9. Bb3 Bb7 10. Bd2 c6 11. Qe2 a5 12. Nd1 Na6 13. g3 d5 14. f3 Nc7 15. Nf2 f6
16. Ngh3 Ne6 17. c3 Qd7 18. g4 Rfd8 19. gxh5 gxh5 20. f4 Qf7 21. f5 Nc5 22. Ba2
Kf8 23. Rg1 Ke7 24. Be3 Nd7 25. Rg6 Rh8 26. O-O-O Ng8 27. Rdg1 Bf8 28. d4 Kd8
29. Kb1 b4 30. exd5 Ba6 31. Qf3 b3 32. Bxb3 Rb8 33. Ba2 Ne7 34. d6 Nd5 35. Ka1
N7b6 36. dxe5 Nc4 37. e6 Qb7 38. Bc1 Bxd6 39. Rg8+ Rxg8 40. Rxg8+ Kc7 41. Rg7+
Ne7 42. Ne4 Ne5 43. Nxd6 Kxd6 44. Qd1+ Bd3 45. Nf4 Qa6 46. c4 Nxf5 47. Nxd3
Nxg7 48. Nb4+ 1-0

[Event "Oberliga Ost A 2016 2017"]
[Site "Germany"]
[Date "2017.02.18"]
[Round "6.5"]
[White "Doehn, Raphael"]
[Black "Haertig, Jens"]
[Result "1/2-1/2"]
[WhiteElo "2131"]
[BlackElo "2137"]
[PlyCount "98"]
[EventDate "2016.10.16"]
[EventType "team-tourn"]
[EventCountry "GER"]
[WhiteTeam "Leipzig SG II"]
[BlackTeam "Naumburger SV"]
[WhiteTeamCountry "GER"]
[BlackTeamCountry "GER"]

1. e4 c5 2. Nf3 e6 3. d4 cxd4 4. Nxd4 a6 5. Nc3 Qc7 6. Bd3 Nf6 7. Qe2 Bb4 8.
Bd2 Nc6 9. Nxc6 bxc6 10. O-O Bd6 11. h3 e5 12. Nd1 Bc5 13. Bg5 d6 14. Ne3 Ng8
15. Rad1 f6 16. Bh4 Nh6 17. Bc4 Nf7 18. Rd3 O-O 19. Rfd1 Kh8 20. g4 Ng5 21.
Bxg5 fxg5 22. c3 a5 23. Kg2 g6 24. f3 Bb7 25. Nc2 Rf6 26. b4 Bb6 27. Qd2 Raf8
28. Ne1 axb4 29. cxb4 Bd4 30. Rxd4 exd4 31. Qxd4 h5 32. a4 h4 33. Be2 c5 34.
Rc1 Qb8 35. Qe3 d5 36. e5 Re6 37. Qxg5 Qxe5 38. Qxh4+ Kg7 39. Rc2 c4 40. Qf2
Ra8 41. a5 g5 42. Kf1 Bc6 43. Ra2 Rae8 44. f4 Qc3 45. Nf3 Qxb4 46. Qd4+ Kg8 47.
Rb2 Qxa5 48. f5 Rh6 49. Nxg5 Qd8 1/2-1/2

[Event "Oberliga Ost A 2016 2017"]
[Site "Germany"]
[Date "2017.02.18"]
[Round "6.6"]
[White "Ruemmler, Roland"]
[Black "Pietzsch, Manuel"]
[Result "0-1"]
[WhiteElo "1952"]
[BlackElo "2107"]
[PlyCount "146"]
[EventDate "2016.10.16"]
[EventType "team-tourn"]
[EventCountry "GER"]
[WhiteTeam "Naumburger SV"]
[BlackTeam "Leipzig SG II"]
[WhiteTeamCountry "GER"]
[BlackTeamCountry "GER"]

1. d4 Nf6 2. Nf3 c5 3. c4 cxd4 4. Nxd4 e5 5. Nb3 d5 6. cxd5 Qxd5 7. Bd2 Nc6 8.
Nc3 Qd8 9. e4 Bb4 10. Bb5 O-O 11. Bxc6 bxc6 12. O-O a5 13. a3 Bd6 14. Be3 Qe7
15. Qc2 Be6 16. Nd2 Ng4 17. Rfe1 Nxe3 18. Rxe3 Bc5 19. Rg3 Rfd8 20. Nd1 Qd6 21.
Nf1 a4 22. Qe2 Rab8 23. Rc1 Bd4 24. Nc3 Qc5 25. Ne3 Rb3 26. Rd1 Qa5 27. Nf5
Bxf5 28. exf5 Bxc3 29. Rxd8+ Qxd8 30. Rxc3 Rxb2 31. Qe1 Qd2 32. Qxd2 Rxd2 33.
g4 Kf8 34. Rxc6 Rd3 35. Rc8+ Ke7 36. Rc7+ Kf6 37. h4 Rxa3 38. Rc6+ Ke7 39. Rc7+
Ke8 40. Ra7 Rh3 41. Kg2 Rxh4 42. Kg3 Rh1 43. Rxa4 Ke7 44. Ra6 Rd1 45. Ra7+ Rd7
46. Ra6 Rd3+ 47. Kg2 h6 48. Rb6 Rd6 49. Rb8 Kf6 50. Re8 Kg5 51. Kg3 Rd3+ 52. f3
h5 53. gxh5 Kxf5 54. Rf8 Kf6 55. Re8 Kf5 56. Rf8 Rd7 57. Rh8 Kg5 58. Rh7 f5 59.
Kf2 f4 60. Ke2 Kf5 61. Rh8 Rd6 62. Rh7 Rd7 63. Rh8 Kg5 64. Re8 Rd5 65. Re7 Kf6
66. Ra7 Rd6 67. Rb7 Ra6 68. Rc7 Ra2+ 69. Kd3 Ra3+ 70. Ke2 Ra2+ 71. Kd3 Rf2 72.
Ke4 Re2+ 73. Kd5 Rd2+ 0-1

[Event "Oberliga Ost A 2016 2017"]
[Site "Germany"]
[Date "2017.02.18"]
[Round "6.7"]
[White "Limpert, Michael"]
[Black "Muekke, Jens Frieder"]
[Result "0-1"]
[WhiteElo "2223"]
[BlackElo "1969"]
[PlyCount "58"]
[EventDate "2016.10.16"]
[EventType "team-tourn"]
[EventCountry "GER"]
[WhiteTeam "Leipzig SG II"]
[BlackTeam "Naumburger SV"]
[WhiteTeamCountry "GER"]
[BlackTeamCountry "GER"]

1. e4 e6 2. d4 d5 3. Nc3 Bb4 4. e5 c5 5. Bd2 Nh6 6. a3 Bxc3 7. Bxc3 b6 8. Bb5+
Bd7 9. Bd3 Nc6 10. Qh5 cxd4 11. Bd2 Nf5 12. Bxf5 exf5 13. Nf3 O-O 14. O-O-O Qc7
15. Rhe1 Rac8 16. Kb1 Be6 17. Bf4 b5 18. Re2 b4 19. a4 b3 20. cxb3 d3 21. Rxd3
d4 22. Ng5 h6 23. Nxe6 fxe6 24. Rg3 d3 25. Rxd3 Nb4 26. Rc3 Qb7 27. Qg6 Qd5 28.
Re1 Rxc3 29. Bxh6 Rc7 0-1

[Event "Oberliga Ost A 2016 2017"]
[Site "Germany"]
[Date "2017.02.18"]
[Round "6.8"]
[White "Packroff, Hermann"]
[Black "Dobierzin, Olaf"]
[Result "1/2-1/2"]
[WhiteElo "2187"]
[BlackElo "2006"]
[PlyCount "43"]
[EventDate "2016.10.16"]
[EventType "team-tourn"]
[EventCountry "GER"]
[WhiteTeam "Naumburger SV"]
[BlackTeam "Leipzig SG II"]
[WhiteTeamCountry "GER"]
[BlackTeamCountry "GER"]

1. d4 Nf6 2. Bg5 Ne4 3. h4 c5 4. dxc5 Qa5+ 5. Nd2 Nc6 6. c3 Nxd2 7. Qxd2 Qxc5
8. Nf3 d6 9. e4 Bg4 10. Be2 g6 11. Be3 Qa5 12. Nd4 Bxe2 13. Qxe2 Bg7 14. O-O h5
15. Nxc6 bxc6 16. Qc4 Rc8 17. Bd4 O-O 18. Bxg7 Kxg7 19. Qd4+ Kg8 20. f4 Qb6 21.
Qxb6 axb6 22. g3 1/2-1/2

[Event "Oberliga Ost A 2016 2017"]
[Site "Germany"]
[Date "2017.02.18"]
[Round "6.1"]
[White "Reizniece Ozola, Dana"]
[Black "Kuchynka, Lukas"]
[Result "0-1"]
[WhiteElo "2253"]
[BlackElo "2260"]
[PlyCount "152"]
[EventDate "2016.10.16"]
[EventType "team-tourn"]
[EventCountry "GER"]
[WhiteTeam "Loeberitz SG"]
[BlackTeam "Magdeburg SV Rochade"]
[WhiteTeamCountry "GER"]
[BlackTeamCountry "GER"]

1. c4 b6 2. Nf3 Bb7 3. g3 e6 4. Bg2 Nf6 5. O-O Be7 6. b3 O-O 7. Bb2 d5 8. e3
Nbd7 9. Nc3 Rc8 10. Qe2 c5 11. d3 Qc7 12. Rac1 Qb8 13. cxd5 Nxd5 14. Nxd5 Bxd5
15. e4 Bb7 16. Ne1 Ne5 17. f4 Nc6 18. Nc2 Qd6 19. Qg4 e5 20. Ne3 Rcd8 21. Nf5
Qg6 22. Qe2 Rfe8 23. Bf3 Bf8 24. Bh5 Qe6 25. Bg4 Bc8 26. h3 Qf6 27. fxe5 Nxe5
28. Bh5 Kh8 29. Kh2 Ba6 30. Rcd1 Qc6 31. Bxe5 Rxe5 32. Bxf7 Qc7 33. Qh5 Rxd3
34. Bg6 h6 35. Nxh6 gxh6 36. Rxf8+ Kg7 37. Rf5 Rxf5 38. Bxf5 Qxg3+ 39. Kh1
Rxd1+ 40. Qxd1 Bd3 41. Qa1+ Kf7 42. Qd1 Bxe4+ 43. Bxe4 Qxh3+ 44. Kg1 Qe3+ 45.
Kh2 Qf4+ 46. Kh3 Qxe4 47. Qd7+ Qe7 48. Qf5+ Kg7 49. Qg4+ Kf6 50. Qf4+ Ke6 51.
Qxh6+ Kd5 52. Qd2+ Kc6 53. Qg2+ Kc7 54. Qa8 Qe3+ 55. Kg4 Qe2+ 56. Kh3 Qxa2 57.
Qd5 Qe2 58. Qf7+ Kc6 59. Kg3 a5 60. Kh3 Qd3+ 61. Kh2 Kb5 62. Qe6 c4 63. Qe5+
Kb4 64. bxc4 Qxc4 65. Qd6+ Qc5 66. Qd3 a4 67. Qb1+ Ka5 68. Qe1+ Ka6 69. Qe8 b5
70. Qa8+ Kb6 71. Qb8+ Ka5 72. Qh8 a3 73. Qd8+ Kb4 74. Qd2+ Kb3 75. Qd3+ Kb2 76.
Qg6 Qc2+ 0-1

[Event "Oberliga Ost A 2016 2017"]
[Site "Germany"]
[Date "2017.02.18"]
[Round "6.2"]
[White "Tuma, Jakub"]
[Black "Schuetze, Norman"]
[Result "1-0"]
[WhiteElo "2261"]
[BlackElo "2322"]
[PlyCount "133"]
[EventDate "2016.10.16"]
[EventType "team-tourn"]
[EventCountry "GER"]
[WhiteTeam "Magdeburg SV Rochade"]
[BlackTeam "Loeberitz SG"]
[WhiteTeamCountry "GER"]
[BlackTeamCountry "GER"]

1. e4 c5 2. Nf3 d6 3. d4 cxd4 4. Nxd4 Nf6 5. Nc3 a6 6. Bc4 e6 7. Bb3 b5 8. Be3
b4 9. Na4 Nxe4 10. Qf3 d5 11. O-O-O Nd7 12. Rhe1 Bb7 13. Qg4 Nef6 14. Qg3 g6
15. f3 Be7 16. Bh6 Bf8 17. Bxf8 Nxf8 18. Nc5 Bc8 19. Ba4+ Bd7 20. Nc6 Bxc6 21.
Bxc6+ Ke7 22. Bxa8 Qxa8 23. Nd3 a5 24. Ne5 N6d7 25. Qh4+ f6 26. Nd3 Kf7 27. Nf4
Qc6 28. Kb1 h5 29. Nd3 g5 30. Qd4 Ng6 31. c3 e5 32. Qf2 bxc3 33. Qc2 Rb8 34.
Rc1 d4 35. Ka1 cxb2+ 36. Nxb2 Qxc2 37. Rxc2 Nf4 38. Nc4 a4 39. Nd6+ Kg6 40. Ne4
Rb6 41. g3 Nd3 42. Rb1 Rxb1+ 43. Kxb1 g4 44. Rc7 Nb6 45. Rc6 Nd5 46. Rd6 gxf3
47. Rxd5 f2 48. Nxf2 Nxf2 49. Kc2 Ng4 50. Ra5 Nxh2 51. Rxa4 Nf1 52. Ra8 e4 53.
a4 d3+ 54. Kc3 Kf5 55. a5 d2 56. Kc2 e3 57. Re8 Kg4 58. a6 Kf3 59. Kd1 Nxg3 60.
a7 f5 61. a8=Q+ Kf2 62. Qa4 Kf3 63. Qc6+ Kf2 64. Qc4 Kf3 65. Qd5+ Kf2 66. Qd4
Ne4 67. Rxe4 1-0

[Event "Oberliga Ost A 2016 2017"]
[Site "Germany"]
[Date "2017.02.18"]
[Round "6.4"]
[White "Jaeger, Dominik"]
[Black "Proehl, Holger"]
[Result "1/2-1/2"]
[WhiteElo "2280"]
[BlackElo "2360"]
[PlyCount "104"]
[EventDate "2016.10.16"]
[EventType "team-tourn"]
[EventCountry "GER"]
[WhiteTeam "Magdeburg SV Rochade"]
[BlackTeam "Loeberitz SG"]
[WhiteTeamCountry "GER"]
[BlackTeamCountry "GER"]

1. d4 d5 2. c4 e6 3. Nc3 Nf6 4. Bg5 Be7 5. cxd5 exd5 6. Qc2 Nbd7 7. e3 Nf8 8.
Bd3 Ne6 9. Bh4 g6 10. Nge2 O-O 11. O-O b6 12. Bxf6 Bxf6 13. Nxd5 Bg7 14. Be4
Bb7 15. Ndf4 Nxf4 16. Nxf4 Bxe4 17. Qxe4 c5 18. dxc5 bxc5 19. Nd3 Rb8 20. Rab1
Qa5 21. Qc4 Rfd8 22. Rfd1 h5 23. h3 Qb5 24. Qxb5 Rxb5 25. a4 Ra5 26. b3 c4 27.
bxc4 Rxa4 28. Rbc1 Ra3 29. Nf4 Rxd1+ 30. Rxd1 Rc3 31. Rd8+ Bf8 32. Ra8 Rxc4 33.
Rxa7 Rc1+ 34. Kh2 h4 35. Rd7 Rc2 36. Nd3 Rd2 37. g3 Bh6 38. e4 Be3 39. gxh4
Bxf2 40. Kg2 Bxh4+ 41. Kf3 Kf8 42. Ne5 Rf2+ 43. Kg4 Be7 44. Kg3 Rf1 45. Nf3 Ra1
46. h4 Ra3 47. Kf4 Ra4 48. h5 gxh5 49. Rd5 h4 50. Rh5 Bd6+ 51. Kf5 Bg3 52. Nxh4
Ra5+ 1/2-1/2

[Event "Oberliga Ost A 2016 2017"]
[Site "Germany"]
[Date "2017.02.18"]
[Round "6.5"]
[White "Pallas, Sebastian"]
[Black "Stolz, Mike"]
[Result "1/2-1/2"]
[WhiteElo "2225"]
[BlackElo "2319"]
[PlyCount "118"]
[EventDate "2016.10.16"]
[EventType "team-tourn"]
[EventCountry "GER"]
[WhiteTeam "Loeberitz SG"]
[BlackTeam "Magdeburg SV Rochade"]
[WhiteTeamCountry "GER"]
[BlackTeamCountry "GER"]

1. e4 e6 2. d4 d5 3. Nd2 Nf6 4. e5 Nfd7 5. Bd3 c5 6. c3 Nc6 7. Ne2 a5 8. O-O a4
9. f4 cxd4 10. cxd4 Qb6 11. Nf3 a3 12. bxa3 Qa7 13. Kh1 Nb6 14. Nc3 Na5 15. f5
h6 16. Nb5 Qb8 17. Qc2 Kd8 18. Bf4 Nbc4 19. fxe6 Bxe6 20. Bf5 Qc8 21. Bxe6 Qxe6
22. Bd2 Nc6 23. a4 Be7 24. Ne1 Re8 25. Nd3 Qg6 26. Rf3 f6 27. Re1 fxe5 28. dxe5
Ra6 29. Qc3 Qh7 30. a3 g5 31. Nb4 Bxb4 32. axb4 N6xe5 33. Rff1 Qd7 34. Qd4 Rae6
35. Bc3 Nc6 36. Qc5 b6 37. Qf2 Rxe1 38. Rxe1 Rxe1+ 39. Bxe1 d4 40. Qf6+ Qe7 41.
Qh8+ Kd7 42. Bg3 Qf7 43. Kg1 Qg6 44. h3 d3 45. Nc3 d2 46. b5 N6a5 47. Qd4+ Ke8
48. Kh2 Qc2 49. Bc7 Qxc3 50. Qxc3 d1=Q 51. Qh8+ Ke7 52. Qg7+ Ke6 53. Qxh6+ Kf5
54. Bxb6 Nd2 55. Bxa5 Nf1+ 56. Kg1 Ng3+ 57. Kh2 Nf1+ 58. Kg1 Ng3+ 59. Kh2 Nf1+
1/2-1/2

[Event "Oberliga Ost A 2016 2017"]
[Site "Germany"]
[Date "2017.02.18"]
[Round "6.6"]
[White "Waechter, Nathalie"]
[Black "Niegsch, Nicolas"]
[Result "1/2-1/2"]
[WhiteElo "1974"]
[BlackElo "2191"]
[PlyCount "71"]
[EventDate "2016.10.16"]
[EventType "team-tourn"]
[EventCountry "GER"]
[WhiteTeam "Magdeburg SV Rochade"]
[BlackTeam "Loeberitz SG"]
[WhiteTeamCountry "GER"]
[BlackTeamCountry "GER"]

1. d4 g6 2. c4 Bg7 3. Nc3 d6 4. e4 Nc6 5. Be3 e5 6. d5 Nce7 7. Bd3 f5 8. f3 Nf6
9. Nge2 O-O 10. b4 a5 11. a3 fxe4 12. Nxe4 Nf5 13. Bg5 h6 14. Nxf6+ Bxf6 15.
Bxf5 Bxf5 16. Bxf6 Qxf6 17. O-O axb4 18. axb4 Rxa1 19. Qxa1 Bd3 20. Qa2 Qg5 21.
Rf2 e4 22. f4 Qf6 23. g3 Re8 24. Rf1 Kh7 25. Re1 Qh8 26. Qa5 b6 27. Qa7 Re7 28.
Qa2 Qf6 29. Qb3 Kg7 30. Kg2 g5 31. Nc1 gxf4 32. Nxd3 f3+ 33. Kf1 exd3 34. Rxe7+
Qxe7 35. Qxd3 Qf6 36. Kf2 1/2-1/2

[Event "Oberliga Ost A 2016 2017"]
[Site "Germany"]
[Date "2017.02.18"]
[Round "6.7"]
[White "Schuster, Martin"]
[Black "Kahe, Ralph"]
[Result "1-0"]
[WhiteElo "2223"]
[BlackElo "2147"]
[PlyCount "137"]
[EventDate "2016.10.16"]
[EventType "team-tourn"]
[EventCountry "GER"]
[WhiteTeam "Loeberitz SG"]
[BlackTeam "Magdeburg SV Rochade"]
[WhiteTeamCountry "GER"]
[BlackTeamCountry "GER"]

1. e4 g6 2. d4 Bg7 3. Nc3 a6 4. Nf3 d6 5. h3 b5 6. a3 Bb7 7. Be3 Nd7 8. d5 e6
9. Be2 exd5 10. exd5 Ne7 11. Bd4 Nf6 12. Ng5 O-O 13. Bf3 h6 14. Nge4 Nfxd5 15.
Bxg7 Kxg7 16. Qd4+ f6 17. Nxd5 Nxd5 18. O-O Rb8 19. Rad1 Nb6 20. Rfe1 Nd7 21.
g4 Bxe4 22. Bxe4 Re8 23. b4 Re7 24. f4 Qe8 25. Kf2 Rb6 26. Bd5 Nf8 27. Rxe7+
Qxe7 28. Re1 Qd8 29. Qe4 c5 30. c3 cxb4 31. axb4 Rb8 32. Qe7+ Qxe7 33. Rxe7+
Kh8 34. Ke3 g5 35. f5 Rd8 36. Rf7 Nd7 37. Kd4 Ne5 38. Rxf6 Kg7 39. Re6 Rd7 40.
Re8 Kf6 41. Rh8 Kg7 42. Ra8 Kf6 43. Rg8 Rc7 44. Rf8+ Kg7 45. Ra8 Nc6+ 46. Ke4
Ne7 47. Be6 Rxc3 48. Rxa6 Rc6 49. Ra7 Kf6 50. Ra8 Kg7 51. Re8 Rc7 52. Rb8 Rc3
53. Rxb5 Rxh3 54. Rb7 Kf6 55. Rb8 d5+ 56. Bxd5 Nxd5 57. Kxd5 Rg3 58. Rb6+ Kf7
59. Rxh6 Rxg4 60. b5 Rb4 61. Kc6 g4 62. Rg6 Rf4 63. b6 Rxf5 64. Rxg4 Rf6+ 65.
Kc7 Ke6 66. b7 Rf7+ 67. Kc6 Rf8 68. Re4+ Kf5 69. Rb4 1-0

[Event "Oberliga Ost A 2016 2017"]
[Site "Germany"]
[Date "2017.02.18"]
[Round "6.8"]
[White "Seibicke, Ralf"]
[Black "Boehm, Christian"]
[Result "1/2-1/2"]
[WhiteElo "2103"]
[BlackElo "2018"]
[PlyCount "129"]
[EventDate "2016.10.16"]
[EventType "team-tourn"]
[EventCountry "GER"]
[WhiteTeam "Magdeburg SV Rochade"]
[BlackTeam "Loeberitz SG"]
[WhiteTeamCountry "GER"]
[BlackTeamCountry "GER"]

1. d4 d6 2. g3 Nf6 3. Nf3 g6 4. Bg2 Bg7 5. O-O O-O 6. c4 Nbd7 7. Nc3 e5 8. e4
c6 9. h3 exd4 10. Nxd4 Re8 11. Be3 Nc5 12. Qc2 a5 13. Rad1 Nfd7 14. Kh2 a4 15.
Rfe1 Qa5 16. f3 Ne5 17. Bf1 Be6 18. Nb1 Bc8 19. f4 Ned7 20. Bf2 Qb4 21. a3 Qa5
22. Nc3 Nf8 23. Re3 Nfe6 24. Nf3 Qc7 25. Re2 Nf8 26. e5 Bf5 27. Qd2 Qa5 28.
Qxd6 Nfe6 29. Qd2 Nb3 30. Qe3 Bf8 31. Qb6 h5 32. Qxa5 Nxa5 33. Ree1 Bc5 34.
Bxc5 Nxc5 35. Nd4 Bc8 36. Kg2 Ne6 37. Nf3 Nc5 38. Nd4 Ne6 39. Ne4 Kf8 40. Nd6
Rd8 41. Nxc8 Nxd4 42. Nd6 c5 43. Bd3 Ra6 44. Ne4 Rb6 45. Nxc5 Rxb2+ 46. Kf1 Nf3
47. Re2 Nxc4 48. Kf2 Rxe2+ 49. Bxe2 Rxd1 50. Bxd1 Nd4 51. Nxb7 Nb3 52. Ke2 Nxa3
53. Kd3 Nb5 54. Kc4 N5d4 55. Kb4 Nd2 56. Nc5 Nf1 57. g4 hxg4 58. Bxg4 Ke7 59.
Kxa4 f6 60. exf6+ Kxf6 61. Ne4+ Ke7 62. Nf2 Ne6 63. Nd3 Ne3 64. Kb4 Nd5+ 65.
Kc4 1/2-1/2

[Event "Oberliga Ost A 2016 2017"]
[Site "Germany"]
[Date "2017.02.19"]
[Round "7.1"]
[White "Rosko, Lubos"]
[Black "Weitzer, Steffen"]
[Result "1/2-1/2"]
[WhiteElo "2345"]
[BlackElo "2224"]
[PlyCount "45"]
[EventDate "2016.10.16"]
[EventType "team-tourn"]
[EventCountry "GER"]
[WhiteTeam "Aue ESV Nickelhuette II"]
[BlackTeam "Leipzig SG II"]
[WhiteTeamCountry "GER"]
[BlackTeamCountry "GER"]

1. d4 Nf6 2. Nf3 g6 3. c4 c5 4. Nc3 Bg7 5. d5 d6 6. e4 O-O 7. Be2 b5 8. cxb5 a6
9. a4 axb5 10. Bxb5 Ba6 11. Bd2 Nbd7 12. O-O Qb6 13. Qc2 Ra7 14. b3 Ng4 15.
Rab1 Bxc3 16. Bxc3 Bxb5 17. axb5 Qxb5 18. h3 Ngf6 19. Rfd1 Rfa8 20. e5 dxe5 21.
Nxe5 Ra2 22. Rb2 Ra1 23. Kh2 1/2-1/2